[Event "EU-chT 24th"]
[Site "Budva"]
[Date "2023.11.14"]
[Round "4.2"]
[White "Macovei, Andrei"]
[Black "Sukovic, Andrej"]
[Result "1-0"]
[WhiteElo "2446"]
[BlackElo "2382"]
[PlyCount "111"]
[EventDate "2023.11.11"]
[EventType "team-swiss"]
[EventRounds "9"]
[EventCountry "MNE"]
[SourceTitle "CB47_2023"]
[SourceDate "2023.11.22"]
[SourceVersion "1"]
[SourceVersionDate "2023.11.22"]
[SourceQuality "1"]
[WhiteTeam "Moldova"]
[BlackTeam "Montenegro Youth II"]
[WhiteTeamCountry "MDA"]
[BlackTeamCountry "MNE"]

1. e4 e6 2. d4 d5 3. e5 c5 4. c3 Nc6 5. Nf3 Bd7 6. Be2 Nge7 7. Na3 cxd4 8. cxd4 Nf5 9. Nc2 Be7 10. 0-0 0-0 11. Bd3 f6 12. Bf4 fxe5 13. Nxe5 Rc8 14. Qd2 Be8 15. Nxc6 Rxc6 16. Rfe1 Bg6 17. Be5 a6 18. Qe2 Bh4 19. g3 Bf6 20. Rad1 Kh8 21. a3 Bxe5 22. dxe5 Qb6 23. Bxf5 Rxf5 24. Rd2 Rc4 25. Qe3 Qxe3 26. Rxe3 Rf8 27. Nd4 Re8 28. Rd1 Kg8 29. Rc3 Rxc3 30. bxc3 Kf7 31. Kf1 Rc8 32. Rc1 Bd3+ 33. Ke1 g5 34. Kd2 Bg6 35. f3 Rc4 36. Ra1 b5 37. Ra2 Ke7 38. Rb2 Ra4 39. Rb3 h5 40. h4 gxh4 41. gxh4 Be8 42. Kc2 Rc4 43. Rb4 Rc8 44. Ne2 Bg6+ 45. Kd2 Rf8 46. Rf4 Rg8 47. Ke3 Bf5 48. a4 Bh3 49. axb5 axb5 50. Rb4 Rb8 51. Nd4 Rc8 52. Kd2 Bf1 53. Rb1 Bc4 54. Ra1 Kf7 55. Ra7+ Kg6 56. Re7 1-0

[Event "EU-Cup 38th"]
[Site "Durres"]
[Date "2023.10.04"]
[Round "4.6"]
[White "Sukovic, Andrej"]
[Black "Tuzi, Bruna"]
[Result "1-0"]
[WhiteElo "2380"]
[BlackElo "2057"]
[PlyCount "57"]
[EventDate "2023.10.01"]
[EventType "team-swiss"]
[EventRounds "7"]
[EventCountry "ALB"]
[SourceTitle "EXT 2024"]
[Source "ChessBase"]
[SourceDate "2023.10.10"]
[SourceVersion "1"]
[SourceVersionDate "2023.10.10"]
[SourceQuality "1"]
[WhiteTeam "Zmaj"]
[BlackTeam "Bonnevoie Gambit"]
[WhiteTeamCountry "SRB"]
[BlackTeamCountry "LUX"]

1. e4 c5 2. Nf3 d6 3. d4 cxd4 4. Nxd4 Nf6 5. Nc3 a6 6. Qd3 Nbd7 7. Bd2 Nc5 8. Qe2 d5 9. exd5 Nxd5 10. 0-0-0 e6 11. Nf5 g6 12. Kb1 gxf5 13. Nxd5 Ne4 14. Bc3 Nxc3+ 15. Nxc3 Qc7 16. Nd5 Qb8 17. Nf6+ Ke7 18. Nd5+ Ke8 19. Nb6 Be7 20. Qe3 f4 21. Qe4 Qa7 22. Nxa8 Qxa8 23. Qxf4 b5 24. Be2 Bb7 25. Bh5 Rf8 26. Rhe1 Bd5 27. Re3 Qd8 28. Rxe6 Bxa2+ 29. Kxa2 1-0

[Event "MNT CupT"]
[Site "Cetinje"]
[Date "2023.07.10"]
[Round "3.1"]
[White "Kosic, Dragan"]
[Black "Sukovic, Andrej"]
[Result "0-1"]
[WhiteElo "2400"]
[BlackElo "2345"]
[PlyCount "106"]
[EventDate "2023.07.09"]
[EventType "team-swiss"]
[EventRounds "5"]
[EventCountry "MNE"]
[SourceTitle "CBM 215 Extra"]
[Source "ChessBase"]
[SourceDate "2023.09.30"]
[SourceVersion "1"]
[SourceVersionDate "2023.09.30"]
[SourceQuality "1"]
[WhiteTeam "Crnogorac"]
[BlackTeam "Buducnost"]
[WhiteTeamCountry "MNE"]
[BlackTeamCountry "MNE"]

1. d4 e6 2. Nf3 Nf6 3. Bg5 c5 4. c3 b6 5. e4 h6 6. Bxf6 Qxf6 7. d5 exd5 8. Qxd5 Nc6 9. Na3 Bb7 10. 0-0-0 0-0-0 11. e5 Qf4+ 12. Qd2 Qxd2+ 13. Rxd2 d6 14. Nc4 dxe5 15. Rxd8+ Nxd8 16. Ncxe5 Bd6 17. Bb5 a6 18. Rd1 Kc7 19. Bd3 Re8 20. Re1 f6 21. Ng4 Bxf3 22. Rxe8 Bxg4 23. Rg8 Ne6 24. Bxa6 Bxh2 25. Bc4 Bf4+ 26. Kc2 g5 27. Rh8 h5 28. Bd3 h4 29. Rh7+ Kd8 30. f3 h3 31. g3 Bxf3 32. gxf4 Nxf4 33. Bf5 g4 34. Kd2 g3 35. Bxh3 g2 36. Rd7+ Ke8 37. Bxg2 Bxg2 38. Rd6 Nd5 39. c4 Ke7 40. Rc6 Nb4 41. Rc7+ Kd6 42. Rg7 Be4 43. Ke3 f5 44. a3 Nc2+ 45. Kf2 f4 46. Rg8 Ne3 47. b3 Bc2 48. b4 Nxc4 49. Kf3 Nxa3 50. bxc5+ Kxc5 51. Kxf4 Kd4 52. Kf3 b5 53. Ke2 Nc4 0-1

[Event "EU-ch 23rd"]
[Site "Vrnjacka Banja"]
[Date "2023.03.06"]
[Round "4"]
[White "Lagarde, Maxime"]
[Black "Sukovic, Andrej"]
[Result "1-0"]
[WhiteElo "2583"]
[BlackElo "2322"]
[PlyCount "43"]
[EventDate "2023.03.03"]
[EventType "swiss"]
[EventRounds "11"]
[EventCountry "SRB"]
[SourceTitle "CBM 213"]
[Source "ChessBase"]
[SourceDate "2023.04.30"]
[SourceVersion "1"]
[SourceVersionDate "2023.04.30"]
[SourceQuality "1"]

1. d4 Nf6 2. Nf3 e6 3. Bg5 Be7 4. Nbd2 h6 5. Bxf6 Bxf6 6. e4 d6 7. e5 Be7 8. Bb5+ Nd7 9. c3 c6 10. exd6 Bxd6 11. Ba4 0-0 12. 0-0 Bc7 13. Re1 Re8 14. Re3 b5 15. Bc2 Bb7 16. Ne4 e5 17. Qd3 exd4 18. Nd6 dxe3 19. Qh7+ Kf8 20. Nf5 exf2+ 21. Kxf2 Re2+ 22. Kxe2 1-0

[Event "FRM-chT 30th"]
[Site "Struga"]
[Date "2022.10.20"]
[Round "7.3"]
[White "Sukovic, Andrej"]
[Black "Risteski, Emil"]
[Result "1/2-1/2"]
[WhiteElo "2248"]
[BlackElo "2351"]
[PlyCount "38"]
[EventDate "2022.10.14"]
[EventType "team-tourn"]
[EventRounds "7"]
[EventCountry "MKD"]
[SourceTitle "CBM 210 Extra"]
[Source "ChessBase"]
[SourceDate "2022.11.30"]
[SourceVersion "1"]
[SourceVersionDate "2022.11.30"]
[SourceQuality "1"]
[WhiteTeam "Kumanovo Fisher"]
[BlackTeam "Skopje Gambit Asseko"]
[WhiteTeamCountry "MKD"]
[BlackTeamCountry "MKD"]

1. e4 c5 2. Nf3 d6 3. d4 Nf6 4. Nc3 cxd4 5. Nxd4 a6 6. Bg5 Nbd7 7. Qe2 h6 8. Bh4 g6 9. f4 e5 10. fxe5 dxe5 11. 0-0-0 Qc7 12. Nb3 b5 13. Rxd7 Nxd7 14. Nd5 Qb8 15. Bf6 Nxf6 16. Nxf6+ Ke7 17. Nd5+ Ke8 18. Nf6+ Ke7 19. Nd5+ Ke8 1/2-1/2

[Event "Olympiad-44"]
[Site "Chennai"]
[Date "2022.08.02"]
[Round "5.4"]
[White "Rakotomaharavo, Dylan"]
[Black "Sukovic, Andrej"]
[Result "1/2-1/2"]
[WhiteElo "1948"]
[BlackElo "2294"]
[PlyCount "95"]
[EventDate "2022.07.29"]
[EventType "team-swiss"]
[EventRounds "11"]
[EventCountry "IND"]
[SourceTitle "CBM 210"]
[Source "ChessBase"]
[SourceDate "2022.10.31"]
[SourceVersion "1"]
[SourceVersionDate "2022.10.31"]
[SourceQuality "1"]
[WhiteTeam "Madagascar"]
[BlackTeam "Montenegro"]
[WhiteTeamCountry "MAD"]
[BlackTeamCountry "MNE"]

1. e4 c5 2. Nf3 d6 3. d4 cxd4 4. Nxd4 Nf6 5. f3 e5 6. Nb3 d5 7. Bg5 d4 8. c3 Nc6 9. Bb5 Qb6 10. Bxc6+ bxc6 11. cxd4 Ba6 12. Na3 Rd8 13. Rc1 exd4 14. Nc4 Qb5 15. Bd2 Be7 16. Nba5 Rc8 17. 0-0 0-0 18. b4 Nd7 19. a3 Nb6 20. Re1 c5 21. bxc5 Nxc4 22. Rxc4 Bxc5 23. Rxc5 Rxc5 24. Bb4 d3 25. Kh1 Rc2 26. Nb3 Rd8 27. Rg1 Bc8 28. Na1 Ra2 29. Nb3 Rc2 30. Na1 Ra2 31. Nb3 Qc4 32. Nd2 Qc7 33. Qa4 Qd7 34. Qa5 Rc2 35. Qg5 h6 36. Qh5 Qc6 37. Qa5 Qb6 38. Qxb6 axb6 39. Rd1 Be6 40. Kg1 Rdc8 41. Kf2 Bc4 42. Ke3 b5 43. h4 f5 44. exf5 Re8+ 45. Kd4 Rd8+ 46. Ke3 Re8+ 47. Kd4 Rd8+ 48. Ke3 1/2-1/2

[Event "Cetinje June GM 01"]
[Site "Cetinje"]
[Date "2022.06.10"]
[Round "6"]
[White "Ghazarian, Kirk Vagho"]
[Black "Sukovic, Andrej"]
[Result "1/2-1/2"]
[WhiteElo "2427"]
[BlackElo "2318"]
[PlyCount "39"]
[EventDate "2022.06.07"]
[EventType "swiss"]
[EventRounds "9"]
[EventCountry "MNE"]
[SourceTitle "CBM 208 Extra"]
[Source "ChessBase"]
[SourceDate "2022.07.31"]
[SourceVersion "1"]
[SourceVersionDate "2022.07.31"]
[SourceQuality "1"]

1. e4 e5 2. Nf3 Nf6 3. Nxe5 d6 4. Nf3 Nxe4 5. d4 d5 6. Bd3 Bd6 7. 0-0 0-0 8. c4 c6 9. Nc3 Nxc3 10. bxc3 dxc4 11. Bxc4 Bg4 12. h3 Bh5 13. g4 Bg6 14. Ne5 Nd7 15. f4 b5 16. Be2 Be4 17. Bf3 Bxf3 18. Qxf3 c5 19. Qc6 Nb6 20. Be3 1/2-1/2

[Event "Cetinje June GM 01"]
[Site "Cetinje"]
[Date "2022.06.10"]
[Round "5"]
[White "Sukovic, Andrej"]
[Black "Vujovic, Savo"]
[Result "1/2-1/2"]
[WhiteElo "2318"]
[BlackElo "2153"]
[PlyCount "89"]
[EventDate "2022.06.07"]
[EventType "swiss"]
[EventRounds "9"]
[EventCountry "MNE"]
[SourceTitle "CBM 208 Extra"]
[Source "ChessBase"]
[SourceDate "2022.07.31"]
[SourceVersion "1"]
[SourceVersionDate "2022.07.31"]
[SourceQuality "1"]

1. e4 e5 2. Nf3 Nc6 3. Bb5 a6 4. Ba4 Nf6 5. 0-0 Be7 6. d3 b5 7. Bb3 d6 8. a4 Bg4 9. c3 0-0 10. h3 Bd7 11. Bc2 bxa4 12. Re1 Re8 13. Nbd2 Bf8 14. Bxa4 Nb8 15. Bc2 Bc6 16. Nc4 Bb5 17. Bb3 Nbd7 18. Be3 h6 19. Na3 Bc6 20. Nc4 Bb5 21. Na3 Bc6 22. Ba4 Bxa4 23. Qxa4 Nb6 24. Qc6 Qd7 25. Qxd7 Nfxd7 26. Nc2 Nc5 27. Nb4 a5 28. Bxc5 dxc5 29. Nc6 f6 30. Nxa5 Red8 31. Nc4 Rxa1 32. Rxa1 Rxd3 33. Nfd2 Rd8 34. Kf1 Nxc4 35. Nxc4 Bd6 36. Ke2 Kf7 37. g4 h5 38. gxh5 Rh8 39. Nxd6+ cxd6 40. Ra7+ Ke6 41. Rxg7 Rxh5 42. Rg3 Rh4 43. Kd3 d5 44. exd5+ Kxd5 45. b3 1/2-1/2

[Event "Cetinje June GM 01"]
[Site "Cetinje"]
[Date "2022.06.09"]
[Round "4"]
[White "Blagojevic, Dragisa"]
[Black "Sukovic, Andrej"]
[Result "1-0"]
[WhiteElo "2501"]
[BlackElo "2318"]
[PlyCount "83"]
[EventDate "2022.06.07"]
[EventType "swiss"]
[EventRounds "9"]
[EventCountry "MNE"]
[SourceTitle "CBM 208 Extra"]
[Source "ChessBase"]
[SourceDate "2022.07.31"]
[SourceVersion "1"]
[SourceVersionDate "2022.07.31"]
[SourceQuality "1"]

1. d4 Nf6 2. c4 g6 3. Nf3 Bg7 4. g3 0-0 5. Bg2 d6 6. Nc3 c5 7. 0-0 Nc6 8. dxc5 dxc5 9. Bf4 Nh5 10. Bd2 b6 11. Qc1 Bb7 12. Rd1 Qe8 13. Bh6 Rd8 14. Rxd8 Nxd8 15. Bxg7 Nxg7 16. b3 f6 17. Qb2 Nf5 18. Rd1 Kg7 19. Nb5 a6 20. Nc7 Qc6 21. Nd5 e5 22. e3 Qe6 23. Bh3 Bxd5 24. Rxd5 Qc6 25. Bxf5 gxf5 26. Nh4 Qe6 27. Rd6 Qc8 28. Qc2 f4 29. Qf5 Qxf5 30. Nxf5+ Kg6 31. Nh4+ Kf7 32. exf4 exf4 33. Rxb6 Ne6 34. Rxa6 Rd8 35. Ra7+ Kg8 36. Kg2 Rd2 37. Nf3 Re2 38. a4 Kf8 39. Rxh7 Ke8 40. Rb7 Nd4 41. Nxd4 cxd4 42. gxf4 1-0